Reseach writing in the information age
| Main Author: | |
|---|---|
| Format: | Book |
| Published: |
Allyn &Bacon ,
1999
|
| Subjects: |
MARC
| LEADER | 00000cam a2200000 7i4500 | ||
|---|---|---|---|
| 001 | 0000010238 | ||
| 005 | 20050428.0 | ||
| 020 | |a 0205262112 | ||
| 040 | |a INS | ||
| 090 | 0 | 0 | |a LB2369. |b A75 1999 |
| 100 | 1 | |a Arnold, Judith | |
| 245 | 1 | 0 | |a Reseach writing in the information age |c Judith Arnold |
| 260 | |a Allyn &Bacon , |c 1999 | ||
| 300 | |a 282p ; |c 241x165mm. | ||
| 650 | 0 | 0 | |a Reporting writing |x Research.Reporting writing |x Computer network resources |
| 999 | |a 0000008390 |b BOOK |c Open Shelf |e Default branch | ||